000 00792nam a22003017a 4500
001 BR9208101
003 BR-BrBNA
005 20230928093655.0
007 ta
008 230509b bl.||||| |||| 00| 0 por d
040 _aBR-BrBNA
_bpor
_cBiblioteca Nacional de Agricultura
041 _a(Por)
072 _aL01; E70
_b6100
090 _ 6100 BR9208101
110 1 _aComissao de Planejamento Agricola de Roraima, Boa Vista (Brasil)
_91998
245 1 _aA avicultura no Territorio Federal de Roraima
260 3 _aBoa Vista, RR (Brasil):
_c1983.
300 _a28 p.
650 _aGALINHA
650 _aFRANGO
650 _aAVICULTURA
650 _aMANEJO
650 _aPRECO
650 _aMERCADO
650 _aRORAIMA
909 _a202309
_bLucia
_c55
_dLucia Elande
942 _cBK
999 _c46405
_d46405